000 01463nam a2200385Ia 4500
001 ebr10723920
003 CaPaEBR
006 m o u
007 cr cn|||||||||
008 101105s2010 enk sb 001 0 eng d
010 _z 2010549198
020 _z9780746309438 (pbk.)
020 _z0746309430 (pbk.)
020 _z9780746310366
020 _z0746310366
020 _z9780746312476
040 _aCaPaEBR
_cCaPaEBR
035 _a(OCoLC)854569504
050 1 4 _aPR9199.3.A8
_bZ97 2010eb
082 0 4 _a813.54
_222
100 1 _aWynne-Davies, Marion.
245 1 0 _aMargaret Atwood
_h[electronic resource] /
_cMarion Wynne-Davies.
260 _aHorndon, Tavistock, Devon, UK :
_bNorthcote, British Council,
_c2010.
300 _axv, 104 p.
490 1 _aWriters and their work
504 _aIncludes bibliographical references (p. 97-101) and index.
533 _aElectronic reproduction.
_bPalo Alto, Calif. :
_cebrary,
_d2013.
_nAvailable via World Wide Web.
_nAccess may be limited to ebrary affiliated libraries.
600 1 0 _aAtwood, Margaret,
_d1939-
_xCriticism and interpretation.
650 0 _aAuthors, Canadian
_y20th century
_vBiography.
655 7 _aElectronic books.
_2local
710 2 _aBritish Council.
710 2 _aebrary, Inc.
830 0 _aWriters and their work (Unnumbered)
856 4 0 _uhttp://site.ebrary.com/lib/rucke/Doc?id=10723920
_zAn electronic book accessible through the World Wide Web; click to view
999 _c152662
_d152662